000 00392nam a22000977a 4500
999 _c21482
_d21482
008 240911b ||||| |||| 00| 0 eng d
245 _aInnotech participates in Seameo inter-center collaboration workshop for schools project /
260 _aPhilippines;
_bPublishers Association of the Philippines, Inc.,
_cNovember 2019.
300 _aVolume 168, pages 217,
_billustration.
942 _2ddc
_cPER